[Event "Lonigo CIS 54th Serie B Girone 6"]
[Site "Lonigo"]
[Date "2023.05.21"]
[Round "4.4"]
[White "Casonato, Stefano"]
[Black "Tona, Leonardo"]
[Result "1-0"]
[WhiteElo "1888"]
[BlackElo "1287"]
[PlyCount "89"]
[EventDate "2023.05.19"]
[EventType "team-tourn"]
[EventRounds "5"]
[EventCountry "ITA"]
[SourceTitle "EXT 2024"]
[Source "ChessBase"]
[SourceDate "2023.10.10"]
[SourceVersion "1"]
[SourceVersionDate "2023.10.10"]
[SourceQuality "1"]
[WhiteTeam "Venezia Canal Unigas"]
[BlackTeam "Montebelluna Vergani II"]
[WhiteTeamCountry "ITA"]
[BlackTeamCountry "ITA"]

1. d4 d5 2. c4 e6 3. Nc3 Nf6 4. cxd5 exd5 5. Bg5 Be7 6. Qc2 Nc6 7. e3 h6 8. Bh4 Nb4 9. Qd1 Bf5 10. Rc1 c6 11. a3 Na6 12. Bxa6 bxa6 13. Qa4 a5 14. Bxf6 Bxf6 15. Qxc6+ Bd7 16. Qxd5 0-0 17. Nf3 Qc7 18. 0-0 Rfd8 19. Ne4 Qb6 20. Nxf6+ Qxf6 21. Qxa5 Qg6 22. Ne5 Qh5 23. Nc6 Qh4 24. Nxd8 Rxd8 25. Rc7 Be6 26. f3 a6 27. Rc5 g6 28. d5 Bd7 29. Qxa6 Bf5 30. Qc4 Qxc4 31. Rxc4 Bd3 32. Rd4 Bxf1 33. Kxf1 Kf8 34. d6 Ke8 35. d7+ Ke7 36. b4 Rxd7 37. Rxd7+ Kxd7 38. a4 Kc6 39. b5+ Kb6 40. Ke2 f6 41. Kd3 f5 42. Kd4 g5 43. Ke5 f4 44. exf4 gxf4 45. Kxf4 1-0

[Event "Lonigo CIS 54th Serie B Girone 6"]
[Site "Lonigo"]
[Date "2023.05.19"]
[Round "1.4"]
[White "Casonato, Stefano"]
[Black "Lin, Yan Antonio"]
[Result "1/2-1/2"]
[WhiteElo "1888"]
[BlackElo "1458"]
[PlyCount "57"]
[EventDate "2023.05.19"]
[EventType "team-tourn"]
[EventRounds "5"]
[EventCountry "ITA"]
[SourceTitle "EXT 2024"]
[Source "ChessBase"]
[SourceDate "2023.10.10"]
[SourceVersion "1"]
[SourceVersionDate "2023.10.10"]
[SourceQuality "1"]
[WhiteTeam "Venezia Canal Unigas"]
[BlackTeam "Padova Patavius Knights"]
[WhiteTeamCountry "ITA"]
[BlackTeamCountry "ITA"]

1. d4 e6 2. c4 c5 3. d5 exd5 4. cxd5 d6 5. Nc3 Nf6 6. Nf3 Be7 7. h3 Bf5 8. g4 Bg6 9. h4 Nxg4 10. Qa4+ Qd7 11. Qf4 Nf6 12. e4 a6 13. a4 h6 14. e5 dxe5 15. Nxe5 Qd6 16. Nxg6 fxg6 17. Bd3 0-0 18. Bxg6 Nbd7 19. Qxd6 Bxd6 20. Bf5 Rfe8+ 21. Be6+ Kh8 22. Be3 Nf8 23. Bh3 Ng6 24. 0-0-0 Nxh4 25. Be6 Nf3 26. Rh3 Ne5 27. Rh4 Ng6 28. Rhh1 Ne5 29. Rh4 1/2-1/2

[Event "Chioggia op-B 11th"]
[Site "Chioggia"]
[Date "2016.10.08"]
[Round "3"]
[White "Trotta, Riccardo"]
[Black "Casonato, Stefano"]
[Result "0-1"]
[WhiteElo "1753"]
[BlackElo "1825"]
[PlyCount "102"]
[EventDate "2016.10.07"]
[EventType "swiss"]
[EventRounds "5"]
[EventCountry "ITA"]
[SourceTitle "EXT 2022"]
[Source "ChessBase"]
[SourceDate "2021.10.06"]
[SourceVersion "1"]
[SourceVersionDate "2021.10.06"]
[SourceQuality "1"]

1. d4 Nf6 2. Nf3 d5 3. Bf4 Bf5 4. e3 c6 5. Bd3 Bg4 6. Nbd2 e6 7. 0-0 Bd6 8. Bxd6 Qxd6 9. c4 0-0 10. c5 Qc7 11. Qc2 Bxf3 12. Nxf3 Nbd7 13. e4 dxe4 14. Bxe4 e5 15. Bf5 exd4 16. Bxd7 d3 17. Qxd3 Rfd8 18. Rfd1 Rxd7 19. Qc2 Rad8 20. b4 Qf4 21. Rxd7 Rxd7 22. a3 Qe4 23. Qxe4 Nxe4 24. Ne5 Rd5 25. Nc4 Rd4 26. Na5 Rd7 27. Re1 Nf6 28. Rb1 Kf8 29. Kf1 Ne4 30. Rb2 Nc3 31. g3 a6 32. Rb3 Ne4 33. Kg2 f5 34. a4 Kf7 35. Rb2 Kf6 36. b5 cxb5 37. axb5 Nxc5 38. bxa6 bxa6 39. Rb6+ Ke5 40. Nc4+ Kd4 41. Nd6 g6 42. Rb4+ Kd5 43. Nc8 Rb7 44. Rxb7 Nxb7 45. Nb6+ Kc6 46. Nc4 a5 47. f4 a4 48. h3 Kc5 49. Na3 Kb4 50. Nc2+ Kc3 51. Na3 Nd6 0-1